| 000 | 00790nam a2200265 i 4500 | ||
|---|---|---|---|
| 001 | 000004130 | ||
| 003 | DO-SdBNP | ||
| 005 | 20250616101413.0 | ||
| 007 | ta | ||
| 008 | 250616s1981 dr r 001 0 spa d | ||
| 040 |
_aDO-SdBNP _bspa _cBNPHU _erda |
||
| 041 | _hspa | ||
| 082 | 4 |
_axxx _bP418s _222 |
|
| 100 | 1 |
_aPenson, Enrique _912246 _eautor _4aut. |
|
| 245 | 1 | 0 |
_aEl subsuelo de Santo Domingo : _bsimposio del año 2000 / _cEnrique Penson |
| 264 | 4 |
_aSanto Domingo : _bUniversidad Nacional Pedro Henriquez Ureña (UNPHU), _c©1981 |
|
| 300 |
_a242 páginas ; _c24 cm. |
||
| 336 |
_atexto _btxt _2rdacontent |
||
| 337 |
_asin mediación _bn _2rdamedia |
||
| 338 |
_avolumen _bnc _2rdacarrier |
||
| 590 | _aInventariado, 2025/DG | ||
| 650 | _912247 | ||
| 910 | _aDG | ||
| 942 |
_2ddc _cLBS1 |
||
| 999 |
_c59289 _d59289 |
||